[Event "BEL-ch U18/20"]
[Site "Bruges"]
[Date "2012.04.10"]
[Round "4"]
[White "Monticelli, Romain"]
[Black "Demey, Robbe"]
[Result "1-0"]
[WhiteElo "1820"]
[BlackElo "1580"]
[PlyCount "61"]
[EventDate "2012.04.08"]
[EventType "swiss"]
[EventRounds "9"]
[EventCountry "BEL"]
[SourceTitle "CBM 147 Extra"]
[Source "ChessBase"]
[SourceDate "2012.04.24"]
[SourceVersion "1"]
[SourceVersionDate "2012.04.24"]
[SourceQuality "1"]

1. d4 d5 2. c4 c6 3. Nc3 e6 4. Nf3 dxc4 5. a4 Bb4 6. g3 b5 7. Bg2 Nf6 8. 0-0 Nd5 9. axb5 Bxc3 10. bxc3 cxb5 11. Qc2 Bb7 12. Ng5 h6 13. Ne4 0-0 14. Ba3 Re8 15. Nd6 b4 16. Nxb7 Qc7 17. cxb4 Qxb7 18. Qxc4 Nd7 19. Rfc1 Rac8 20. Qb3 Rb8 21. e4 Nxb4 22. Qxb4 Qxb4 23. Bxb4 Rxb4 24. Rxa7 Nf6 25. Rd1 e5 26. dxe5 Rxe5 27. f4 Reb5 28. e5 Rb1 29. Ra8+ Kh7 30. Rad8 Ng4 31. Be4+ 1-0

[Event "Liege Soultanbeieff op"]
[Site "Liege"]
[Date "2012.04.06"]
[Round "8"]
[White "Monticelli, Romain"]
[Black "Remont, Leopold"]
[Result "1/2-1/2"]
[WhiteElo "1820"]
[BlackElo "1952"]
[PlyCount "130"]
[EventDate "2012.01.27"]
[EventType "swiss"]
[EventRounds "9"]
[EventCountry "BEL"]
[SourceTitle "EXT 2013"]
[Source "ChessBase"]
[SourceDate "2012.11.22"]
[SourceVersion "1"]
[SourceVersionDate "2012.11.22"]
[SourceQuality "1"]

1. d4 Nf6 2. c4 g6 3. Nf3 Bg7 4. g3 0-0 5. Bg2 c6 6. 0-0 d5 7. Nc3 Nbd7 8. e3 dxc4 9. Qe2 e5 10. Qxc4 exd4 11. Nxd4 Qe7 12. b3 Nb6 13. Qe2 Re8 14. a4 Nbd5 15. Nxd5 Nxd5 16. Ba3 Qg5 17. Qd2 c5 18. Nf3 Qh5 19. Rac1 b6 20. Bxc5 Be6 21. Bd4 Rad8 22. Qb2 Bh6 23. Nd2 Nb4 24. Ne4 Nd5 25. f3 f5 26. g4 fxg4 27. f4 Bf5 28. Ng3 Qh4 29. Bxd5+ Rxd5 30. Rc7 Bd3 31. Rf2 Qd8 32. Qc3 Bf5 33. Rxa7 Bf8 34. Qc6 Be6 35. Qc7 Qxc7 36. Rxc7 Bc5 37. Ne2 Bf7 38. Nc3 Rh5 39. Bxc5 bxc5 40. e4 Bxb3 41. Rb2 c4 42. Nd5 Re6 43. e5 Rh3 44. Nf6+ Kf8 45. Nd7+ Ke8 46. Nc5 Re7 47. Rc8+ Kf7 48. e6+ Kf6 49. Rd2 c3 50. Ne4+ Kf5 51. Re2 Bd1 52. Rf8+ Kxe6 53. Rf6+ Kd5 54. Nxc3+ Rxc3 55. Rxe7 Bxa4 56. Rf8 Bc6 57. Rd8+ Kc5 58. Rc7 Kb6 59. Rdc8 h5 60. Rg7 g3 61. hxg3 Rxg3+ 62. Kh2 Rg4 63. Rgc7 Be4 64. Rc4 Rxf4 65. Rb8+ Ka7 1/2-1/2

[Event "Liege Soultanbeieff op"]
[Site "Liege"]
[Date "2012.02.17"]
[Round "4"]
[White "Monticelli, Romain"]
[Black "Wlogalski, Olivier"]
[Result "1-0"]
[WhiteElo "1820"]
[BlackElo "1926"]
[PlyCount "73"]
[EventDate "2012.01.27"]
[EventType "swiss"]
[EventRounds "9"]
[EventCountry "BEL"]
[SourceTitle "EXT 2013"]
[Source "ChessBase"]
[SourceDate "2012.11.22"]
[SourceVersion "1"]
[SourceVersionDate "2012.11.22"]
[SourceQuality "1"]

1. d4 b6 2. c4 Bb7 3. Nc3 e6 4. Nf3 f5 5. Bf4 Nf6 6. e3 Be7 7. Bd3 Ne4 8. h3 Bf6 9. 0-0 Nxc3 10. bxc3 0-0 11. Re1 Nc6 12. e4 fxe4 13. Bxe4 Na5 14. Bxb7 Nxb7 15. Qd3 Qc8 16. Bg5 Bxg5 17. Nxg5 g6 18. Re4 Rf5 19. Rg4 Qf8 20. Nf3 Re8 21. Re1 Re7 22. Re5 d6 23. Re3 Nd8 24. Nh4 Rxf2 25. Nxg6 hxg6 26. Qxg6+ Rg7 27. Qxg7+ Qxg7 28. Rxg7+ Kxg7 29. Kxf2 Kf6 30. Rf3+ Kg7 31. Ke3 Nc6 32. g4 Na5 33. Kd3 Nc6 34. h4 e5 35. a3 a5 36. g5 exd4 37. cxd4 1-0